All Countries Bordering Microstates - Statistics

General Stats
  • This quiz has been taken 49 times
    48 since last reset
  • The average score is 8 of 8
Answer Stats
Microstate Bordering Countries % Correct
Andorra France
100%
San Marino Italy
100%
Andorra Spain
100%
Luxembourg Germany
98%
Liechtenstein Austria
96%
Luxembourg Belgium
96%
Liechtenstein Switzerland
96%
Brunei Malaysia
87%
No matching quizzes found
Score Distribution
Percent of People with Each Score
Percentile by Number Answered
Your Score History
You have not taken this quiz since the last reset